El mundo como cuerpo de Dios (Registro nro. 49948)
[ vista simple ]
| 000 -LÍDER | |
|---|---|
| Campo fijo de descripción fija | 01154aam a2200205 i 4500 |
| 001 - NÚMERO DE CONTROL | |
| Campo de control | 768714001 |
| 003 - IDENTIFICADOR DEL NÚMERO DE CONTROL | |
| Campo de control | CO-MdFUSB |
| 005 - FECHA Y HORA DE LA ULTIMA TRANSACCIÓN | |
| control field | 20230426124149.0 |
| 008 - ELEMENTOS DE LONGITUD FIJA -- INFORMACIÓN GENERAL | |
| Campo fijo de descripción fija -- Información general | 221102s2002 sp ||||| |||| 00| 0 spa s |
| 040 ## - FUENTE DE CATALOGACIÓN | |
| Idioma de catalogación | spa |
| Agencia que realiza la transcripción | CO-MdFUSB |
| Agencia que realiza la modificación | CO-MdFUSB |
| 041 ## - CÓDIGO DE IDIOMA | |
| Código de idioma para texto/pista de sonido o título separado | spa |
| 100 1# - ASIENTO PRINCIPAL--NOMBRE PERSONAL | |
| Nombre personal | McFague, Sally |
| Término relacionador | autor |
| 245 10 - TÍTULO | |
| Título | El mundo como cuerpo de Dios |
| Mención de responsabilidad | / Sally McFague |
| 300 ## - DESCRIPCIÓN FÍSICA | |
| Extensión | Número 295, (2002), Páginas 67- 74 |
| Dimensiones | ; 21 cm |
| 520 ## - NOTA DE RESUMEN, ETC. | |
| Nota de sumario, etc. | Se considerará más detenidamente tres consecuencias de este modelo de creación y providencia: es decir, de cómo se relacionan Dios y el mundo y de quien cuida del mundo. Las con secuencias del modelo del mundo como cuerpo de Dios son, en primer lugar, que debemos conocer nuestro mundo y dónde encajamos nosotros dentro de él; en segundo lugar, que debemos reconocer a Dios como la única fuente de toda vida, amor, verdad, y bondad; y en tercer lugar, que tomamos conciencia de que, al tiempo que Dios tiene el mundo a su cargo, también lo tenemos nosotros. |
| 650 #7 - ASIENTO SECUNDARIO DE MATERIA - TERMINO TEMÁTICO | |
| 9 (RLIN) | 251 |
| Término temático o nombre geográfico como elemento de entrada | Creación |
| 653 ## - TÉRMINO DE INDIZACIÓN - NO CONTROLADO | |
| Término no controlado | Mundo |
| 773 0# - ASIENTO DE ITEM FUENTE | |
| Título | Concilium |
| Biblionumber | 49450 |
| Itemnumber | 60417 |
| Parte(s) relacionada(s) / Volumen., número. (mes año), páginas | Número 295, (2002), Páginas 67- 74 |
| Enumeración y primera página | Páginas 67 |
| 942 ## - TIPO DE MATERIAL (KOHA) | |
| Tipo de Item KOHA | Artículos de Revista |
No hay ítems disponibles.
